000 00511nam a2200193 a 4500
001 1778578638838
003 YourLibrary
005 20260512150840.0
008 260512s2004##################000#0#eng##
020 _a9783110173727
082 0 4 _a420.9
_bGOR
100 1 _aGörlach, Manfred,
_eauthor.
245 1 0 _aText Types and the History of English :
260 _bWalter de Gruyter,
_c2004.
300 _a352 pages
650 0 _aComputers.
942 _cENGLISH
040 _aYourLibrary
_beng
_cYourLibrary
999 _c623160
_d623160